Nájomné bývanie v Tatranskej Lomnici

Gespeichert in:
Bibliographische Detailangaben
1. Verfasser: Škorupková, Lenka (Verfasst von)
Weitere Verfasser: Majcher, Stanislav (Betreuung Doktorarbeit)
Format: Manuskript Buch
Sprache:Slowakisch
Veröffentlicht: 2025
Schlagworte:
Online-Zugang:http://is.stuba.sk/zp/portal_zp.pl?podrobnosti=184338
Tags: Tag hinzufügen
Keine Tags, Fügen Sie das erste Tag hinzu!

MARC

LEADER 00000ntm a22000003a 4500
001 stuzp105298
003 SK-STU
005 20250607211414.3
007 ta
008 150427s2015----xo-----f-mn---000-0-slo-d
040 |a STU  |b slo 
041 0 |a slo 
100 1 |a Škorupková, Lenka  |u 051110  |4 aut  |U FAD Fakulta architektúry a dizajnu  |T FAD Ústav architektúry obytných budov  |X 103719  |U A1110  |Y 392  |7 103719 
242 0 1 |a Rental Housing in Tatranská Lomnica  |y eng 
245 1 0 |a Nájomné bývanie v Tatranskej Lomnici 
260 |c 2025 
650 4 |a green architecture  |2 eng 
650 4 |a inner block  |2 eng 
650 4 |a typology of residential buildings  |2 eng 
650 4 |a rental housing  |2 eng 
650 4 |a zelená architektúra  |2 slo 
650 4 |a vnútroblok  |2 slo 
650 4 |a typológia obytných budov  |2 slo 
650 4 |a nájomné bývanie  |2 slo 
700 1 |a Majcher, Stanislav  |u 051110  |k Z1  |4 ths  |U FAD Fakulta architektúry a dizajnu  |T FAD Ústav architektúry obytných budov  |X 4410  |U A1110  |Y 392  |7 A000004410 
856 4 |u http://is.stuba.sk/zp/portal_zp.pl?podrobnosti=184338